<?xml version="1.0" encoding="UTF-8"?>
<record
    xmlns:xsi="http://www.w3.org/2001/XMLSchema-instance"
    xsi:schemaLocation="http://www.loc.gov/MARC21/slim http://www.loc.gov/standards/marcxml/schema/MARC21slim.xsd"
    xmlns="http://www.loc.gov/MARC21/slim">

  <leader>01243njm a22002777a 4500</leader>
  <controlfield tag="005">20100901115333.0</controlfield>
  <controlfield tag="006">a|||||r|||||00| 0 </controlfield>
  <controlfield tag="007">sd ammalaaahaa</controlfield>
  <controlfield tag="008">100901t        xxu||||| |||| 00| 0 eng d</controlfield>
  <datafield tag="028" ind1=" " ind2=" ">
    <subfield code="a">N 55657</subfield>
    <subfield code="b">His Master's Voice</subfield>
  </datafield>
  <datafield tag="035" ind1=" " ind2=" ">
    <subfield code="a">GR-01792</subfield>
  </datafield>
  <datafield tag="040" ind1=" " ind2=" ">
    <subfield code="a">SED</subfield>
    <subfield code="c">SED</subfield>
  </datafield>
  <datafield tag="100" ind1=" " ind2=" ">
    <subfield code="a">Mohammad Rafi</subfield>
    <subfield code="9">17891</subfield>
  </datafield>
  <datafield tag="245" ind1=" " ind2=" ">
    <subfield code="a">Abhilasha /</subfield>
    <subfield code="c">by Mohammad Rafi [and] Manna Dey ; music by Rahur Dev Burman ; lyrices by Majrooh</subfield>
    <subfield code="h">[Sound recording]</subfield>
  </datafield>
  <datafield tag="246" ind1=" " ind2=" ">
    <subfield code="a">&#x905;&#x92D;&#x93F;&#x932;&#x93E;&#x937;&#x93E;   / &#x92E;&#x94B;&#x939;&#x92E;&#x94D;&#x92E;&#x926;  &#x930;&#x92B;&#x93C;&#x940; </subfield>
  </datafield>
  <datafield tag="260" ind1=" " ind2=" ">
    <subfield code="a">DUM DUM, India</subfield>
    <subfield code="b">His Master's Voice</subfield>
    <subfield code="c">1968</subfield>
  </datafield>
  <datafield tag="300" ind1=" " ind2=" ">
    <subfield code="a">1 Sound disc [Gramophone Recording] :</subfield>
    <subfield code="b">analog, 33 1/3 rpm</subfield>
    <subfield code="c">9.5 in. (MP)</subfield>
    <subfield code="f">Gramophone Record</subfield>
  </datafield>
  <datafield tag="500" ind1=" " ind2=" ">
    <subfield code="a">Brief record</subfield>
  </datafield>
  <datafield tag="505" ind1=" " ind2=" ">
    <subfield code="a">Side-1 &#x90F;&#x915; &#x91C;&#x93E;&#x928;&#x93F;&#x92C; &#x938;&#x939;&#x92E;&#x947; &#x92E;&#x939;&#x92B;&#x93C;&#x93F;&#x932; (Ak janib shame mahfil) (Mohammad Rafi [and] Manna Dey) --Side-2 &#x92A;&#x94D;&#x92F;&#x93E;&#x930; &#x939;&#x941;&#x906; &#x939;&#x948; &#x91C;&#x92C;&#x938;&#x947; (Pyar huaa hae jabse) (Lata Mangeshkar &amp; Kishore Kumar)</subfield>
  </datafield>
  <datafield tag="650" ind1=" " ind2=" ">
    <subfield code="a">Classical music</subfield>
    <subfield code="x">Excerpts</subfield>
    <subfield code="z">India</subfield>
    <subfield code="9">17892</subfield>
  </datafield>
  <datafield tag="700" ind1=" " ind2=" ">
    <subfield code="a">Dey, Manna</subfield>
    <subfield code="9">19150</subfield>
  </datafield>
  <datafield tag="700" ind1=" " ind2=" ">
    <subfield code="a">Burman, Rahul Dev</subfield>
    <subfield code="9">19481</subfield>
  </datafield>
  <datafield tag="700" ind1=" " ind2=" ">
    <subfield code="a">Majrooh</subfield>
    <subfield code="9">19099</subfield>
  </datafield>
  <datafield tag="942" ind1=" " ind2=" ">
    <subfield code="2">ddc</subfield>
    <subfield code="c">GR</subfield>
  </datafield>
  <datafield tag="999" ind1=" " ind2=" ">
    <subfield code="c">45122</subfield>
    <subfield code="d">45122</subfield>
  </datafield>
  <datafield tag="952" ind1=" " ind2=" ">
    <subfield code="0">0</subfield>
    <subfield code="1">0</subfield>
    <subfield code="2">ddc</subfield>
    <subfield code="4">0</subfield>
    <subfield code="7">1</subfield>
    <subfield code="8">NFIC</subfield>
    <subfield code="a">L</subfield>
    <subfield code="b">L</subfield>
    <subfield code="d">2010-09-10</subfield>
    <subfield code="e">SED/VEN</subfield>
    <subfield code="l">0</subfield>
    <subfield code="p">GR-01792</subfield>
    <subfield code="r">2010-09-10 00:00:00</subfield>
    <subfield code="t">1</subfield>
    <subfield code="w">2010-09-10</subfield>
    <subfield code="y">GR</subfield>
  </datafield>
</record>
